000 00816nam a22002417a 4500
005 20140710154116.0
008 131118b1977 ck ||||| |||| 00| 0 fre d
041 _afre
044 _ack
082 _a577.584
_bA18c
100 1 _aAcosta, Carlos
_924836
245 1 0 _aCavernas de Colombia
260 _a[s.l.]
_bAcosta, Carlos?
_c1977?
300 _a115 p.
_bdibujos, mapas (manuscritos)
_c21 cm.
500 _aDocumento original
505 _a1ére partie Le pays -- 2 éme partie La geologie -- 3 éme patie La speleologie -- 4 éme partie Inventaire speleologique
546 _aescrito en francés
590 _aDonado por Brigitte Baptiste
650 1 7 _aEcología de cuevas
_zColombia
_924837
700 1 _aCabrera-Ortíz, Wenceslao
_924838
700 1 _aTihay, Jean-Pierre
_924839
942 _2ddc
_cImpreso
999 _c8543
_d8543